Catálogo

Vista normal Vista MARC

Entrada Personal Name

Número de registros utilizados en: 2

001 - CONTROL NUMBER

  • control field: 11060

003 - CONTROL NUMBER IDENTIFIER

  • control field: DLC

005 - DATE AND TIME OF LATEST TRANSACTION

  • control field: 20200928125248.0

008 - FIXED-LENGTH DATA ELEMENTS

  • fixed length control field: 020527n| azannaabn |a aaa

010 ## - LIBRARY OF CONGRESS CONTROL NUMBER

  • LC control number: nb2002047529

016 ## - NATIONAL BIBLIOGRAPHIC AGENCY CONTROL NUMBER

  • Record control number: 1032C1435E

035 ## - SYSTEM CONTROL NUMBER

  • System control number: (OCoLC)oca05774420

040 ## - CATALOGING SOURCE

  • Original cataloging agency: Uk
  • Language of cataloging: spa
  • Description conventions: rda
  • Transcribing agency: Mx-PuUPA
  • Modifying agency: DLC
  • Modifying agency: NcU
  • Modifying agency: DLC
  • Modifying agency: CaOONL
  • Modifying agency: Mx-PuUPA

042 ## - AUTHENTICATION CODE

  • Authentication code: nlc

046 ## - SPECIAL CODED DATES

  • Birth date: 1972-08-26
  • Source of date scheme: edtf

053 #0 - LC CLASSIFICATION NUMBER

  • Classification number element--single number or beginning number of span: PR6108.A963

100 1# - HEADING--PERSONAL NAME

  • Personal name: Hawkins, Paula,
  • Dates associated with a name: 1972-

370 ## - ASSOCIATED PLACE

  • Place of birth: Zimbabwe
  • Place of residence/headquarters: Londres (Inglaterra)
  • Source of term: naf

374 ## - OCCUPATION

  • Occupation: Novelista
  • Occupation: Periodista
  • Source of term: lcsh

375 ## - GENDER

  • Gender: mujer
  • Source of term: lcdgt

377 ## - ASSOCIATED LANGUAGE

  • Language code: eng

500 1# - SEE ALSO FROM TRACING--PERSONAL NAME

  • Control subfield: r
  • Relationship information: Alternate identity:
  • Personal name: Silver, Amy
  • Titles and other words associated with a name: (Novelist)
  • Authority record control number or standard number: (DLC)nb2014010416

670 ## - SOURCE DATA FOUND

  • Source citation: Selling houses, 2002:
  • Information found: verso t.p. (Paula Hawkins)

670 ## - SOURCE DATA FOUND

  • Source citation: The girl on the train, 2015:
  • Information found: ECIP t.p. (Paula Hawkins)

670 ## - SOURCE DATA FOUND

  • Source citation: David Higham Associates website, August 14, 2014
  • Information found: (Born and brought up in Zimbabwe, Paula moved to London in 1989 and has lived there ever since, apart from brief soujorns in Paris, Brussels and Oxford where she studied politics, philosophy and economics; worked in journalism for 15 years, writing for a variety of publications and media on a range of subjects, from money to art and science; crime debut, The girl on the train)

670 ## - SOURCE DATA FOUND

  • Source citation: Email from publisher, August 14, 2014
  • Information found: (Paula Hawkins; b. August 26, 1972; author of Selling houses)

670 ## - SOURCE DATA FOUND

  • Source citation: BNB online, August 14, 2014 (Paula Hawkins; author of Hot property, Life doctor, and The money goddess; contributor to Selling houses)

670 ## - SOURCE DATA FOUND

  • Source citation: Entertainment weekly, March 20, 2015:
  • Information found: page 70 (Paula Hawkins; novelist and journalist; author of The girl on the train) page 72 (author of chick lit novels beginning with Confessions of a reluctant recessionista under the pen name Amy Silver)

670 ## - SOURCE DATA FOUND

  • Source citation: Into the water, 2018:
  • Information found: title page (Paula Hawkins)